| 000 | 00591nam a2200217 i 4500 | ||
|---|---|---|---|
| 001 | bg | ||
| 245 | 0 | 0 |
_aGuinnes encyklopedia popularna / _c[ed. Ian Crofton ; tł. z ang. Piotr Budny et al.]. |
| 260 |
_aKraków : _b"Kluszczyński", _c1995. |
||
| 300 |
_a440 s. : _bil. kolor. ; _c27 cm. |
||
| 504 | _aIndeks. | ||
| 650 | 9 | _aEncyklopedia | |
| 700 | 1 |
_aCROFTON, Ian. _eRed. |
|
| 700 | 1 |
_aBUDNY, Piotr. _eTł. |
|
| 020 | _a8386328355 | ||
| 040 | _cBPK | ||
| 041 | 1 |
_apl _hen |
|
| 080 | _a0/9(03) | ||
| 920 | _a83-86328-35-5 | ||
| 942 | _cKS | ||
| 008 | s pl f |000 0 pol | ||
| 999 |
_c30814 _d30814 |
||
| 856 |
_uhttp://koha.tu.koszalin.pl/cgi-bin/koha/opac-detail.pl?biblionumber=30814 _yKatalog online BPK |
||